000 00635nam a2200229Ia 4500
003 OSt
005 20220923214709.0
006 a|||||r|||| 00| 0
007 ta
008 220922b |||||||| |||| 00| 0 hin d
024 _a171,729
037 _cTextual
040 _aARTS
_cARTS
_bhin
041 _2hin
_ahin
082 _aO152:3N264:;2, L3
100 _aत्रिपाठी, रमानाथ
245 0 _aएक थी तारा
246 _aEk thī tārā
260 _c1973
942 _hO152:3N264:;2, L3
_cTEXL
_2CC
999 _c325870
_d325870